[Event "It (b)"]
[Site "masterchessopen.com Wijk aan Zee (Netherlands)"]
[Round "-5"]
[White "Riemersma Liafbern (NED)"]
[Black "Watson William N (ENG)"]
[Result "0-1"]
[WhiteElo "2395"]
[BlackElo "2530"]

1.d4 Nf6 2.c4 g6 3.Nc3 Bg7 4.e4 O-O 5.Be2 d6 6.Bg5 h6 7.Be3 e5 8.d5 c6 9.Qd2
h5 10.f3 cxd5 11.cxd5 Na6 12.Bb5 Nc7 13.Bd3 Bd7 14.Nge2 b5 15.a4 bxa4 16.Nxa4
Qb8 17.O-O Nfe8 18.Nac3 Kh8 19.Ra2 f5 20.exf5 gxf5 21.Rfa1 Nf6 22.Bxa7 Qb4
23.Qg5 Nfxd5 24.Qxh5+ Kg8 25.Bf2 Rxa2 26.Rxa2 Qb3 27.Qh4 e4 28.Nc1 Qb4 29.fxe4
Nxc3 30.bxc3 Qxc3 31.Rc2 Qa5 32.exf5 Bxf5 33.Bxf5 Rxf5 34.Qd8+ Kh7 35.Qxc7 Qd5
36.h3 Rg5 37.Be3 Re5 38.Bf4 Qd4+ {#R} 0-1

[Event "Ch World (juniors) (under 20) (g)"]
[Site "masterchessopen.com Adelaide (Australia)"]
[Round "0"]
[White "Zaiatz Elena (RUS)"]
[Black "Arribas Maritza (CUB)"]
[Result "1-0"]
[WhiteElo "2230"]
[BlackElo "2301"]

1.d4 Nf6 2.c4 g6 3.Nc3 Bg7 4.e4 d6 5.Be2 O-O 6.Bg5 h6 7.Be3 e5 8.d5 Ne8 9.Qd2
Kh7 10.O-O-O f5 11.exf5 gxf5 12.f4 Nd7 13.Nf3 Nef6 14.g3 Ng4 15.Bg1 exf4
16.gxf4 Nc5 17.Bxc5 dxc5 18.Bd3 a6 19.Rhg1 Nf6 20.Qg2 Ne8 21.Qg6+ Kh8 22.Rde1
Qf6 23.Rxe8 Qxg6 24.Rxf8+ Bxf8 25.Rxg6 Kh7 26.Ne5 Bg7 27.Rg1 c6 28.d6 Be6
29.Na4 Rd8 {#r} 1-0

[Event "It (open)"]
[Site "masterchessopen.com Alicante (Spain)"]
[Round "0"]
[White "Garcia Vicente Nieves (ESP)"]
[Black "Reyes Juan (PER)"]
[Result "0-1"]
[WhiteElo "2214"]
[BlackElo "2437"]

1.d4 Nf6 2.c4 d6 3.Nc3 g6 4.e4 Bg7 5.Be2 O-O 6.Bg5 h6 7.Be3 c5 8.e5 Nfd7
9.exd6 exd6 10.Nf3 Nc6 11.O-O b6 12.Qd2 g5 13.h3 Nf6 14.Rad1 Bf5 15.dxc5 dxc5
16.Bd3 Bxd3 17.Qxd3 Qxd3 18.Rxd3 g4 19.hxg4 Nxg4 20.Bf4 Rad8 21.Rfd1 Rxd3
22.Rxd3 Re8 23.Nd1 Re4 24.Bd2 Rxc4 25.Rd6 Nd4 {#R} 0-1

[Event "Staatsliga"]
[Site "masterchessopen.com Austria"]
[Round "0"]
[White "Kwatschewsky Leo (AUT)"]
[Black "Kranzl Peter (AUT)"]
[Result "0-1"]
[WhiteElo "2194"]
[BlackElo "2253"]

1.c4 Nf6 2.Nc3 g6 3.e4 d6 4.d4 Bg7 5.Be2 O-O 6.Bg5 h6 7.Be3 e5 8.d5 c6 9.Qd2
Kh7 10.f3 cxd5 11.cxd5 a6 12.g4 Nfd7 13.h4 b5 14.h5 g5 15.Nh3 Bf6 16.Nf2 Nb6
17.O-O b4 18.Ncd1 a5 19.Nh1 Na6 20.Ng3 Na4 21.Bf2 N4c5 22.Ne3 Qc7 23.Rfc1 Bd8
24.Ngf5 Qb8 25.Bxa6 Rxa6 26.Nxd6 Qxd6 27.Nf5 Bxf5 28.Bxc5 Bb6 29.Qf2 Bxc5
30.Rxc5 Rc8 31.Rac1 Rxc5 32.Rxc5 Bd7 33.Qc2 Kg7 34.Kg2 Ra7 {#R} 0-1

[Event "Ch Cuba"]
[Site "masterchessopen.com Camaguey (Cuba)"]
[Round "0"]
[White "Fernandez Cabello Emilio (ESP)"]
[Black "Bernal Moro Luis Javier (ESP)"]
[Result "1-0"]
[WhiteElo "1725"]
[BlackElo "2431"]

1.d4 Nf6 2.c4 g6 3.Nc3 Bg7 4.e4 d6 5.Be2 O-O 6.Bg5 h6 7.Be3 Nbd7 8.Qd2 c5 9.d5
Qa5 10.a4 a6 11.Ra3 Rb8 12.Bxh6 Bxh6 13.Qxh6 Qb4 14.Qd2 b5 15.axb5 axb5
16.Nxb5 Nxe4 17.Qxb4 cxb4 18.Re3 Nec5 19.Nf3 Ra8 20.O-O Ra2 21.Rxe7 Rxb2
22.Nfd4 Rd2 23.Rb1 Nb6 24.Rxb4 Ba6 25.h3 Nd3 26.Bxd3 Rxd3 27.Ra7 Bxb5 28.Nxb5
Rd1+ 29.Kh2 Nc8 30.Rc7 Kg7 31.Nc3 Rd2 32.Ne4 Rc2 33.f3 Kh6 34.Rb8 {#r} 1-0

[Event "It (open)"]
[Site "masterchessopen.com El Corte Ingles (Spain)"]
[Round "0"]
[White "Rubio Purrinos Hugo (ESP)"]
[Black "Basas Gamazo Josep (ESP)"]
[Result "1-0"]
[WhiteElo "2235"]
[BlackElo "2053"]

1.d4 Nf6 2.c4 g6 3.Nc3 Bg7 4.e4 d6 5.Be2 O-O 6.Bg5 h6 7.Be3 Nc6 8.d5 Nb8 9.Qd2
Kh7 10.h4 e5 11.Nh3 Ng4 12.Bxg4 Bxg4 13.f3 Bxh3 14.Rxh3 f5 15.h5 g5 16.exf5
Rxf5 17.Qc2 e4 18.Qxe4 Qf8 19.g4 Na6 20.Qxf5+ Qxf5 21.gxf5 Re8 22.Kd2 {#r} 1-0

[Event "Ch France (team)"]
[Site "masterchessopen.com France"]
[Round "6"]
[White "Mazzoni Guy (FRA)"]
[Black "Lagunes Jean-Renaud (FRA)"]
[Result "0-1"]
[WhiteElo "2191"]
[BlackElo "2089"]

1.d4 Nf6 2.c4 g6 3.Nc3 Bg7 4.e4 d6 5.Be2 O-O 6.Bg5 h6 7.Be3 e5 8.d5 c6 9.g4
cxd5 10.cxd5 Qa5 11.f3 Nbd7 12.Qd2 Nc5 13.Nb5 Qd8 14.b4 Ncxe4 15.fxe4 Nxe4
16.Qc2 Qh4+ 17.Kd1 Bxg4 18.Bxg4 Qxg4+ 19.Qe2 Qd7 20.Rc1 Rfc8 21.Qd3 Rxc1+
22.Kxc1 Rc8+ 23.Kb2 Nf2 24.Bxf2 e4+ {#R} 0-1

[Event "Bundesliga 1987/88"]
[Site "masterchessopen.com Germany"]
[Round "0"]
[White "Pieper-Emden Carsten (GER)"]
[Black "Negele Michael Dr (GER)"]
[Result "0-1"]
[WhiteElo "2280"]
[BlackElo "2250"]

1.d4 Nf6 2.c4 g6 3.Nc3 Bg7 4.e4 O-O 5.Be2 d6 6.Bg5 h6 7.Be3 c5 8.d5 b5 9.cxb5
a6 10.Qd2 Kh7 11.Nf3 axb5 12.Bxb5 Qb6 13.Be2 Qb4 14.a3 Nxe4 15.Nxe4 Qxe4
16.O-O Bb7 17.Rfd1 Nd7 18.Bd3 Qxd5 19.Bxg6+ fxg6 20.Qxd5 Bxd5 21.Rxd5 Bxb2
22.Re1 Nf6 23.Rdd1 Bxa3 24.Bf4 Ra7 25.Re6 Bb4 26.h3 Nh5 27.Bc1 Ng7 28.Re3 Nf5
29.Red3 c4 30.Rd5 Bc5 31.Re1 Ra2 32.Rd2 Ra1 33.g4 Ng7 34.Kg2 Bb4 {#R} 0-1

[Event "It (open)"]
[Site "masterchessopen.com Groningen (Netherlands)"]
[Round "0"]
[White "Estremera Panos Sergio (ESP)"]
[Black "Stratmann Burkhard (GER)"]
[Result "1-0"]
[WhiteElo "2379"]
[BlackElo "2137"]

1.d4 Nf6 2.c4 g6 3.Nc3 Bg7 4.e4 d6 5.Be2 O-O 6.Bg5 h6 7.Be3 c6 8.Qd2 Kh7 9.f3
Nbd7 10.g4 Rb8 11.h4 h5 12.Nh3 Rh8 13.O-O-O Qa5 14.e5 dxe5 15.dxe5 Nxe5
16.Ng5+ Kg8 17.Qd8+ Qxd8 18.Rxd8+ Bf8 19.Bxa7 Ra8 20.Bd4 Ned7 21.gxh5 e5
22.Be3 Nxh5 23.Rd1 Nhf6 24.Nge4 Kh7 25.h5 Be7 26.hxg6+ fxg6 27.Ng5+ Kg7
28.Ne6+ Kh7 29.Rh1+ Nh5 30.Rxh5+ {#r} 1-0

[Event "Ch Hessen"]
[Site "masterchessopen.com Hessen (Germany)"]
[Round "8"]
[White "Alber Horst (GER)"]
[Black "Kettler Bernhard (GER)"]
[Result "1-0"]
[WhiteElo "2340"]
[BlackElo "2240"]

1.d4 g6 2.c4 Bg7 3.Nc3 d6 4.e4 Nf6 5.Be2 O-O 6.Bg5 h6 7.Be3 e5 8.d5 Nbd7 9.g4
Nc5 10.f3 c6 11.Qd2 cxd5 12.cxd5 h5 13.h3 Qa5 14.Rb1 Na6 15.Bb5 Qd8 16.Nge2
Nh7 17.Kd1 f5 18.gxf5 gxf5 19.Bh6 f4 20.Bxg7 Kxg7 21.Bxa6 bxa6 22.h4 Kh6
23.Kc2 Rg8 24.Nxf4 exf4 25.Qxf4+ Kg7 26.Rbg1+ Kh8 27.Qh6 Bd7 28.Rg5 Qb6
29.Rhg1 Rab8 30.Qxh7+ {#r} 1-0

[Event "It (open)"]
[Site "masterchessopen.com London (England)"]
[Round "0"]
[White "Freeman Michael J (SCO)"]
[Black "Ledger Andrew (ENG)"]
[Result "1-0"]
[WhiteElo "2210"]
[BlackElo "2424"]

1.d4 Nf6 2.c4 g6 3.Nc3 Bg7 4.e4 d6 5.Be2 O-O 6.Bg5 h6 7.Be3 e5 8.d5 Nbd7 9.Qd2
Kh7 10.g4 Nc5 11.f3 Ng8 12.h4 f5 13.h5 fxg4 14.hxg6+ Kxg6 15.fxg4 Bf6 16.Nf3
Bxg4 17.Nxe5+ Bxe5 18.Bxg4 Qe7 19.O-O-O Bg7 20.Rdg1 Kh7 21.Bf5+ Rxf5 22.exf5
Ne4 23.Nxe4 Qxe4 24.f6 Qxc4+ 25.Kb1 Qe4+ 26.Ka1 Re8 27.Rxg7+ Kh8 28.Rhg1 Nxf6
29.Bd4 {#r} 1-0

[Event "It (open)"]
[Site "masterchessopen.com Naestved (Denmark)"]
[Round "9"]
[White "Jasnikowski Zbigniew (POL)"]
[Black "Jacobsen Bo (DEN)"]
[Result "1-0"]
[WhiteElo "2425"]
[BlackElo "2290"]

1.d4 Nf6 2.c4 g6 3.Nc3 Bg7 4.e4 d6 5.Be2 O-O 6.Bg5 h6 7.Be3 e5 8.d5 a5 9.h4
Na6 10.h5 Nc5 11.Qc2 gxh5 12.Bxh5 Nxh5 13.Rxh5 Qf6 14.f3 {#r} 1-0

[Event "?"]
[Site "masterchessopen.com Protvino (Russia)"]
[Round "0"]
[White "Zaichik Gennadi (USA)"]
[Black "Zaitsev Igor A (RUS)"]
[Result "1-0"]
[WhiteElo "2510"]
[BlackElo "2395"]

1.d4 Nf6 2.c4 g6 3.Nc3 Bg7 4.e4 d6 5.Be2 O-O 6.Bg5 h6 7.Be3 e5 8.d5 c6 9.h4 b5
10.cxb5 cxd5 11.exd5 a6 12.h5 g5 13.bxa6 Nxa6 14.Nf3 Ng4 15.Nd2 Nxe3 16.fxe3
e4 17.g4 f5 18.gxf5 Bxf5 19.O-O g4 20.Bxa6 Qb6 21.Qe2 Rxa6 22.Ndxe4 Raa8
23.Ng3 Bd7 24.Rxf8+ Rxf8 25.Rf1 Re8 26.Nce4 Qxb2 27.Qxb2 Bxb2 28.Rf6 Be5
29.Rg6+ Kf8 30.Nf6 Bxg3 31.Nxd7+ Kf7 32.Nf6 Rxe3 33.Nxg4 Re1+ 34.Kg2 Bf4
35.Rf6+ {#r} 1-0

[Event "Memorial G.Agzamov"]
[Site "masterchessopen.com Tashkent (Uzbekistan)"]
[Round "0"]
[White "Borisenko Georgy K (UZB)"]
[Black "Yurtaev Leonid (KGZ)"]
[Result "0-1"]
[WhiteElo "2354"]
[BlackElo "2485"]

1.d4 Nf6 2.c4 g6 3.Nc3 Bg7 4.e4 d6 5.Be2 O-O 6.Bg5 h6 7.Be3 c5 8.e5 dxe5
9.dxe5 Qxd1+ 10.Rxd1 Ng4 11.Bxc5 Nxe5 12.Nf3 Nbc6 13.O-O Bf5 14.Nh4 Be6 15.Nd5
Rac8 16.Bxe7 Rfe8 17.Nf6+ Bxf6 18.Bxf6 Nxc4 19.Nf3 Nb6 20.a3 Nd5 21.Bd4 Bg4
22.Bb5 Bxf3 23.gxf3 Nxd4 24.Rxd4 Re5 25.Rfd1 Nf6 26.Bd3 Kg7 27.Be4 b6 28.b4
Rc3 29.a4 Ra3 30.b5 Ra2 31.Bd3 Rc5 32.f4 Ra3 33.Kg2 Nd5 34.Re1 Rxd3 {#R} 0-1

[Event "It"]
[Site "masterchessopen.com Uzhgorod (Ukraine)"]
[Round "0"]
[White "Basin Leonid (RUS)"]
[Black "Balashov Yuri S (RUS)"]
[Result "1-0"]
[WhiteElo "2350"]
[BlackElo "2540"]

1.d4 Nf6 2.c4 g6 3.Nc3 Bg7 4.e4 d6 5.Be2 O-O 6.Bg5 h6 7.Be3 c5 8.dxc5 Qa5
9.Bd2 Qxc5 10.Nf3 Nc6 11.O-O Be6 12.Nd5 Nd4 13.Bb4 {#r} 1-0

[Event "Simultan"]
[Site "masterchessopen.com Zurich (Switzerland)"]
[Round "0"]
[White "Karpov Anatoly (RUS)"]
[Black "Vucenovic Dragomir (SUI)"]
[Result "1-0"]
[WhiteElo "2725"]
[BlackElo "2262"]

1.d4 Nf6 2.c4 g6 3.Nc3 Bg7 4.e4 d6 5.Be2 O-O 6.Bg5 h6 7.Be3 e5 8.d5 Ne8 9.Qc1
Kh7 10.h4 f5 11.h5 f4 12.hxg6+ Kg8 13.Bd2 Qg5 14.Rh2 Nf6 15.Nf3 Qxg6 16.Nh4
Qg5 17.Qc2 Ng4 18.Rh1 Na6 19.a3 Bd7 20.b4 Rf7 21.Qd3 Raf8 22.Bf3 Bf6 23.Qe2
Rg7 24.O-O-O Kf7 25.Kb2 Bd8 26.Rdg1 Rfg8 27.g3 Qf6 28.Kb3 c6 29.Nf5 Bxf5
30.exf5 c5 31.Ne4 Qe7 32.Bxg4 Rxg4 33.Rxh6 Qf8 34.Nxd6+ Ke7 {#r} 1-0

[Event "?"]
[Site "masterchessopen.com Chanac (France)"]
[Round "0"]
[White "Dussol Pierre (FRA)"]
[Black "Toulzac Pierre-Yves (FRA)"]
[Result "1-0"]
[WhiteElo "2220"]
[BlackElo "2273"]

1.d4 Nf6 2.c4 g6 3.Nc3 Bg7 4.e4 d6 5.Be2 O-O 6.Bg5 h6 7.Be3 e5 8.d5 c6 9.Qd2
cxd5 10.cxd5 Kh7 11.h4 b5 12.f3 b4 13.Nb5 Nh5 14.Qxb4 Ng3 15.Rh2 Nxe2 16.Nxe2
Na6 17.Qxd6 Qa5+ 18.Nec3 Nb4 19.g4 Ba6 20.Qc7 Nd3+ 21.Kf1 Qb4 22.a3 Qb3 23.Qc6
f5 24.Qxa6 Nc5 25.Bxc5 Qc4+ 26.Ne2 Qxc5 27.Qc6 Qe3 28.gxf5 Qxf3+ 29.Rf2 Qh3+
30.Rg2 Bf6 31.fxg6+ Kg7 32.Qc7+ Be7+ 33.Kg1 Qe3+ 34.Kh2 Rae8 35.Nd6 Kg8
36.Nxe8 Rf3 37.Qd7 {#r} 1-0

[Event "Ch URS (1/2 final)"]
[Site "masterchessopen.com Daugavpils (Latvia)"]
[Round "13.2"]
[White "Petrosian Arshak B (ARM)"]
[Black "Shirov Alexei (ESP)"]
[Result "1-0"]
[WhiteElo "2490"]
[BlackElo "2495"]

1.d4 Nf6 2.c4 g6 3.Nc3 Bg7 4.e4 d6 5.Be2 O-O 6.Bg5 h6 7.Be3 e5 8.d5 Nbd7 9.Qd2
Nc5 10.f3 a5 11.Bd1 Nh5 12.Nge2 f5 13.Bc2 Qh4+ 14.Bf2 Qg5 15.Rg1 Nf6 16.Ng3 f4
17.Nge2 Qh5 18.h4 g5 19.hxg5 hxg5 20.O-O-O g4 21.Rh1 Qf7 22.Nxf4 exf4 23.Bxc5
dxc5 24.e5 Re8 25.Qxf4 Ra6 26.e6 Bxe6 27.dxe6 Qxe6 28.fxg4 Qxg4 29.Qxc7 Qc8
30.Qg3 Qg4 31.Qc7 Qc8 32.Nb5 Rf8 33.Qg3 Rd8 34.Qg6 Rxd1+ 35.Rxd1 Ra8 36.Nd6
Qg4 37.Qf7+ {#r} 1-0

[Event "It (open)"]
[Site "masterchessopen.com Dieren (Netherlands)"]
[Round "0"]
[White "Atlas Robert (USA)"]
[Black "Van Wely Loek (NED)"]
[Result "0-1"]
[WhiteElo "2205"]
[BlackElo "2320"]

1.d4 Nf6 2.c4 g6 3.Nc3 Bg7 4.e4 d6 5.Be2 O-O 6.Bg5 h6 7.Be3 e5 8.d5 Nbd7 9.Qd2
Nc5 10.f3 a5 11.h4 Nh5 12.Bxh6 Ng3 13.Rh2 f5 14.Bg5 Bf6 15.exf5 Bxf5 16.Nh3 e4
17.Kf2 Nxe2 18.Nxe2 exf3 19.gxf3 Bxh3 {#R} 0-1

[Event "Ch Brazil"]
[Site "masterchessopen.com Fortaleza (Brazil)"]
[Round "9"]
[White "Sunye Neto Jaime (BRA)"]
[Black "Toth Peter (BRA)"]
[Result "1-0"]
[WhiteElo "2480"]
[BlackElo "2153"]

1.c4 Nf6 2.Nc3 g6 3.e4 d6 4.d4 Bg7 5.Be2 O-O 6.Bg5 h6 7.Be3 e5 8.d5 a5 9.h4
Na6 10.h5 g5 11.g4 Nc5 12.f3 Ne8 13.Nh3 Bf6 14.Nf2 Be7 15.Nd3 Nxd3+ 16.Bxd3 c5
17.a3 Nc7 18.Rb1 Na6 19.Bc2 Bd7 20.Ba4 Qc8 21.Kd2 Bd8 22.Qb3 f6 23.Rhc1 Rf7
24.Bb5 Kf8 25.Na4 Bxg4 26.fxg4 Qxg4 27.Nc3 Qxh5 28.Rh1 Qg6 29.Qd1 a4 30.Qg4
Ba5 31.Bd7 Nc7 32.Bf5 Qg7 33.Kd3 Rb8 34.Nb5 Ke7 35.Nxc7 Bxc7 36.Be6 Rff8
37.Bd7 Ra8 38.Qe6+ Kd8 39.Bb5 {#r} 1-0

[Event "It (open) \"]
[Site "masterchessopen.com Kecskemet (Hungary)"]
[Round "0"]
[White "Stajcic Nikola (AUT)"]
[Black "Falk Ulrich Dr (GER)"]
[Result "1-0"]
[WhiteElo "2279"]
[BlackElo "2238"]

1.d4 Nf6 2.c4 g6 3.Nc3 Bg7 4.e4 d6 5.Be2 O-O 6.Bg5 h6 7.Be3 c6 8.Qd2 Kh7 9.h4
e5 10.d5 b5 11.h5 b4 12.hxg6+ fxg6 13.Bxh6 bxc3 14.Bxg7+ Kxg7 15.Qh6+ Kf7
16.Nf3 Qe8 17.Ng5+ Ke7 18.Qg7+ Kd8 19.bxc3 c5 20.Rb1 Na6 21.Rb7 Rb8 22.Nf7+
Rxf7 23.Rxf7 Rb1+ 24.Bd1 Rxd1+ 25.Kxd1 Qa4+ 26.Ke1 Nd7 27.Rh8+ Kc7 28.Qg8 Qc2
29.Qxc8+ {#r} 1-0

[Event "It (open)"]
[Site "masterchessopen.com Lugano (Switzerland)"]
[Round "4"]
[White "Tukmakov Vladimir B (UKR)"]
[Black "Dam Ruurd (NED)"]
[Result "1-0"]
[WhiteElo "2565"]
[BlackElo "2305"]

1.d4 Nf6 2.c4 g6 3.Nc3 Bg7 4.e4 d6 5.Be2 O-O 6.Bg5 h6 7.Be3 c5 8.dxc5 Qa5
9.Bd2 Qxc5 10.Nf3 Bg4 11.Be3 Qa5 12.Nd2 Bxe2 13.Qxe2 Nc6 14.O-O Rfc8 15.Rfc1
Nd7 16.a3 Qd8 17.Rab1 Qf8 18.b4 Nd4 19.Qd3 Ne6 20.f4 Bxc3 21.Rxc3 Qg7 22.Nf3
b5 23.Rbc1 bxc4 24.Rxc4 Rxc4 25.Qxc4 Nb6 26.Qa6 Qf8 27.f5 gxf5 28.exf5 Nd5
29.fxe6 Nxe3 30.Qd3 Ng4 31.exf7+ Kh8 32.Rc7 Nf6 33.Nd4 {#r} 1-0

[Event "It (open)"]
[Site "masterchessopen.com Naleczow (Poland)"]
[Round "0"]
[White "Levin Felix (GER)"]
[Black "Bos-Swiecik Iwona (NED)"]
[Result "1-0"]
[WhiteElo "2320"]
[BlackElo "2129"]

1.d4 Nf6 2.c4 g6 3.Nc3 Bg7 4.e4 d6 5.Be2 O-O 6.Bg5 h6 7.Be3 e5 8.d5 c5 9.Qd2
Kh7 10.h4 Ng8 11.h5 g5 12.Bd3 Ne7 13.Nge2 Kg8 14.Ng3 a6 15.a3 Nd7 16.Rb1 Rb8
17.b4 b6 18.O-O Nf6 19.bxc5 dxc5 20.Bxc5 Bg4 21.Be3 Nxh5 22.Nxh5 Bxh5 23.Na4
b5 24.Nc5 bxc4 25.Bxc4 Qd6 26.Nxa6 Rbc8 27.Qa2 Kh8 28.Rb6 Qd8 29.Nb4 {#r} 1-0

[Event "Memorial A.Kotov"]
[Site "masterchessopen.com Odessa (Ukraine)"]
[Round "1"]
[White "Moskalenko Viktor (UKR)"]
[Black "Kaminski Uwe (GER)"]
[Result "1-0"]
[WhiteElo "2490"]
[BlackElo "2356"]

1.d4 Nf6 2.c4 g6 3.Nc3 Bg7 4.e4 d6 5.Be2 O-O 6.Bg5 h6 7.Be3 e5 8.d5 c6 9.Qd2
h5 10.h3 cxd5 11.cxd5 Nbd7 12.g4 Nc5 13.Bxc5 dxc5 14.gxh5 Nxh5 15.Bxh5 gxh5
16.O-O-O Qf6 17.Kb1 Bd7 18.Qe2 b5 19.d6 Bc6 20.Nf3 Rad8 21.Rhg1 Rd7 22.Nd5
Bxd5 23.Rxd5 Rfd8 24.Rxe5 Rxd6 25.Kc1 Rd2 26.Nxd2 Qxe5 27.Nf3 Qf4+ 28.Qe3 Qf6
29.e5 Qf5 30.Nh4 Qe6 31.Rxg7+ Kxg7 32.Qg5+ Kh7 33.Qxd8 Qc4+ 34.Kd2 Qf4+ 35.Ke2
Qe4+ 36.Kd2 Qf4+ 37.Kd1 {#r} 1-0

[Event "Ch Club URS (team) (1/2 final)"]
[Site "masterchessopen.com Roslavl (Russia)"]
[Round "0"]
[White "Aleksandrov Aleksej (BLR)"]
[Black "Ushakov Gennadiy (UKR)"]
[Result "1-0"]
[WhiteElo "2618"]
[BlackElo "2224"]

1.d4 Nf6 2.c4 g6 3.Nc3 Bg7 4.e4 d6 5.Be2 O-O 6.Bg5 h6 7.Be3 e5 8.d5 c6 9.h3
cxd5 10.cxd5 Na6 11.Nf3 Bd7 12.O-O Qb8 13.Nd2 Ne8 14.f3 f5 15.Qb3 Nc5 16.Qa3
b5 17.Bxc5 dxc5 18.Qxc5 Nd6 19.a3 Rc8 20.Qf2 Nc4 21.Nb3 Bf8 22.exf5 Nd2 23.Ne4
Nxb3 24.Nf6+ Kg7 25.Nxd7 Nxa1 26.Qg3 Qd6 27.f6+ Kh7 28.Bd3 e4 29.Nxf8+ Qxf8
30.fxe4 Qc5+ 31.Kh2 Qc7 32.e5 Rg8 33.f7 Rg7 34.f8=Q Rxf8 35.Rxf8 Nb3 36.Rf6
Nc5 37.Rc6 Qe7 38.d6 {#r} 1-0

[Event "It (active)"]
[Site "masterchessopen.com San Mateo (Puerto Rico)"]
[Round "0"]
[White "Alburt Lev O (USA)"]
[Black "Glueck David (USA)"]
[Result "1-0"]
[WhiteElo "2530"]
[BlackElo "2320"]

1.d4 Nf6 2.c4 d6 3.Nc3 g6 4.e4 Bg7 5.Be2 O-O 6.Bg5 h6 7.Be3 e5 8.d5 Nbd7 9.Qc1
Nc5 10.f3 Nh5 11.b4 Na6 12.Rb1 f5 13.g3 Kh7 14.Bd3 f4 15.Bf2 fxg3 16.hxg3 Bf6
17.Be3 Nxg3 18.Rxh6+ Kg7 19.Rh2 Rh8 20.Rg2 Bh4 21.Kd1 Qf6 22.a3 Bd7 23.Kc2
Raf8 24.Kb3 Nh5 25.Nce2 c6 26.Qd2 cxd5 27.cxd5 Nc7 28.Rf1 Nf4 29.Nxf4 exf4
30.Bxa7 Ra8 31.Bb6 Ba4+ 32.Ka2 Nb5 {#r} 1-0

[Event "Zt (qual) (a)"]
[Site "masterchessopen.com Sao Paulo (Brazil)"]
[Round "5"]
[White "Sunye Neto Jaime (BRA)"]
[Black "Osorios Ortiz Marcos (PER)"]
[Result "1-0"]
[WhiteElo "2480"]
[BlackElo "2251"]

1.c4 Nf6 2.Nc3 g6 3.e4 d6 4.d4 Bg7 5.Be2 O-O 6.Bg5 h6 7.Be3 c5 8.d5 e6 9.Nf3
exd5 10.exd5 Ng4 11.Bd2 f5 12.h3 Nf6 13.O-O Re8 14.Re1 Nbd7 15.Qc2 Ne5 16.a3
g5 17.Nxe5 dxe5 18.b4 b6 19.bxc5 bxc5 20.Rab1 e4 21.Rb5 f4 22.Bf1 Bf5 23.Bc1
Qd7 24.Qd1 f3 25.Na4 fxg2 26.Bxg2 Bxh3 27.Nxc5 Qf5 28.Bxh3 Qxh3 29.Rb3 Qf5
30.Rg3 Rac8 31.Ne6 Rxe6 32.dxe6 Qxe6 33.Bb2 Rxc4 34.Rc3 Rxc3 35.Bxc3 Nd5
36.Bxg7 Nf4 37.Bb2 Qh3 38.Qd8+ Kf7 39.Qf6+ {#r} 1-0

[Event "It"]
[Site "masterchessopen.com Stavanger (Norway)"]
[Round "5"]
[White "Harestad Thor Geir (NOR)"]
[Black "Djurhuus Rune (NOR)"]
[Result "0-1"]
[WhiteElo "2172"]
[BlackElo "2458"]

1.d4 Nf6 2.c4 g6 3.Nc3 Bg7 4.e4 d6 5.Be2 O-O 6.Bg5 h6 7.Be3 e5 8.d5 Nbd7 9.f3
Nh5 10.g3 f5 11.Qd2 f4 12.Bf2 fxg3 13.hxg3 Ndf6 14.O-O-O Bd7 15.Rh2 a6 16.Kb1
Qe8 17.Rc1 Qe7 18.Bd3 Nh7 19.Qe3 Rf7 20.Be2 Qf8 21.Rf1 Rb8 22.Be1 c5 23.a4 Qe8
24.b3 Ng5 25.Kb2 Nf4 26.gxf4 exf4 27.Qc1 b5 28.axb5 axb5 29.Kc2 b4 30.Nb1 Ra8
31.Kd1 Ra2 32.Rff2 Ba4 33.Bd2 Bxb3+ 34.Ke1 Bb2 35.Rxh6 Bxc1 36.Bxc1 Qe5 37.Nd2
Qc3 {#R} 0-1

[Event "It"]
[Site "masterchessopen.com Val Maubuee (France)"]
[Round "0"]
[White "Shirov Alexei (ESP)"]
[Black "Apicella Manuel (FRA)"]
[Result "1-0"]
[WhiteElo "2495"]
[BlackElo "2540"]

1.d4 Nf6 2.c4 g6 3.Nc3 Bg7 4.e4 d6 5.Be2 O-O 6.Bg5 h6 7.Be3 e5 8.d5 Nbd7 9.Qd2
Nc5 10.f3 a5 11.Bd1 Nh5 12.Nge2 f5 13.Bc2 Qh4+ 14.Bf2 Qe7 15.Ng3 Nf4 16.Be3 h5
17.exf5 gxf5 18.O-O Qh4 19.Bxf4 exf4 20.Nge2 Be5 21.Rab1 Bd7 22.Nd1 Rf7 23.Nf2
Rg7 24.Kh1 Kh8 25.Nh3 Rxg2 26.Kxg2 Rg8+ 27.Kh1 Qxh3 28.Rf2 Qh4 29.Rg2 Rxg2
30.Kxg2 Ne4 31.Qe1 Qg5+ 32.Kh1 Ng3+ 33.hxg3 fxg3 34.f4 Qg4 35.Qxg3 Qxe2 36.Rg1
{#r} 1-0

[Event "It (open)"]
[Site "masterchessopen.com Baden-Baden (Germany)"]
[Round "0"]
[White "Gaprindashvili Nona (GEO)"]
[Black "Schmaltz Roland (GER)"]
[Result "1-0"]
[WhiteElo "2435"]
[BlackElo "2546"]

1.d4 Nf6 2.c4 g6 3.Nc3 Bg7 4.e4 d6 5.Be2 O-O 6.Bg5 h6 7.Be3 e5 8.d5 a5 9.Qd2
h5 10.h3 Na6 11.Nf3 b6 12.O-O-O Nc5 13.Ng5 Ne8 14.g4 f6 15.Nf3 hxg4 16.hxg4
Bxg4 17.Nh4 Bxe2 18.Qxe2 Nd7 19.Nxg6 Rf7 20.Qh5 Nf8 21.Nh4 {#r} 1-0

[Event "It"]
[Site "masterchessopen.com Budapest (Hungary)"]
[Round "0"]
[White "Moskalenko Viktor (UKR)"]
[Black "Tosic Miroslav (SRB)"]
[Result "1-0"]
[WhiteElo "2558"]
[BlackElo "2434"]

1.d4 Nf6 2.c4 g6 3.Nc3 Bg7 4.e4 d6 5.Be2 O-O 6.Bg5 h6 7.Be3 e5 8.d5 a5 9.Qd2
Kh7 10.h4 Na6 11.h5 Nxh5 12.Bxh5 gxh5 13.Rxh5 Kg6 14.Rh2 Rh8 15.Nf3 Bf6
16.O-O-O h5 17.Rdh1 Nc5 18.Nh4+ Kg7 19.Nf5+ Bxf5 20.exf5 h4 21.g4 e4 22.g5 Be7
23.Rxh4 Rxh4 24.Rxh4 Qd7 25.f6+ Kg8 26.Bxc5 dxc5 27.f4 e3 28.Qd3 {#r} 1-0

[Event "It (open)"]
[Site "masterchessopen.com Catania (Italy)"]
[Round "0"]
[White "Martorelli Antonio (ITA)"]
[Black "Accardo Francesco (ITA)"]
[Result "1-0"]
[WhiteElo "2220"]
[BlackElo "1855"]

1.c4 Nf6 2.Nc3 g6 3.e4 d6 4.d4 Bg7 5.Be2 O-O 6.Bg5 h6 7.Bf4 Nbd7 8.Qd2 Kh7
9.Nf3 c5 10.d5 Nh5 11.Be3 Qa5 12.g4 Bxc3 13.bxc3 Nhf6 14.Bxh6 Nxe4 15.Qe3 Rh8
16.Rc1 Ndf6 17.g5 Nxc3 18.Qxc3 Qc7 19.gxf6 Kxh6 20.Qe3+ Kh7 21.Ng5+ Kg8
22.fxe7 Bd7 23.Ne4 Rh3 24.Nf6+ Kh8 25.e8=Q+ Rxe8 26.Nxe8 Qd8 27.Nxd6 Kg8
28.Qf4 Qa5+ 29.Kf1 Rh7 30.h4 Qa3 31.Kg2 g5 32.hxg5 Bh3+ 33.Kg1 Rg7 34.Ne8 Rg6
35.Nf6+ Kg7 36.Bg4 {#r} 1-0

[Event "It (open)"]
[Site "masterchessopen.com Dortmund (Germany)"]
[Round "9"]
[White "Bareev Evgeny (RUS)"]
[Black "Uhlmann Wolfgang (GER)"]
[Result "1-0"]
[WhiteElo "2605"]
[BlackElo "2505"]

1.d4 Nf6 2.c4 g6 3.Nc3 Bg7 4.e4 d6 5.Be2 O-O 6.Bg5 h6 7.Be3 e5 8.d5 c6 9.Qd2
h5 10.f3 a6 11.h4 cxd5 12.cxd5 b5 13.Nh3 Bxh3 14.Rxh3 Nbd7 15.a4 b4 16.Nd1 Qa5
17.Nf2 Nc5 18.Bd1 Nfd7 19.g4 f5 20.gxf5 gxf5 21.exf5 Rxf5 22.Bc2 Rf7 23.Ke2
Nf6 24.Rg3 e4 25.Rag1 exf3+ 26.Kf1 Raa7 27.Bd4 Qd8 28.Qh6 Qe7 29.Rxf3 Ncd7
30.Bxa7 Ne5 31.Rxg7+ Rxg7 32.Rxf6 {#r} 1-0